| 000 | 04539nam a22003377a 4500 | ||
|---|---|---|---|
| 005 | 20160121141812.0 | ||
| 008 | 130821k17691770it fr 1 mul d | ||
| 040 |
_aCo-BoUCM _bspa _cSandra Yazo (modificó) _dSandra Yazo (modificó) |
||
| 041 | 0 |
_aita _alat _agre |
|
| 082 | 0 | 4 |
_a262.9 _220 |
| 092 | _aE02N112 | ||
| 100 | 1 |
_aMamachi, Tommaso Maria _d1713-1792 _974981 |
|
| 242 | 0 | 0 |
_aTres libros sobre el libre derecho que tiene la Iglesia de adquirir y poseer bienes temporales, tanto muebles como inmuebles _yspa _bLibro segundo [-tercero] |
| 245 | 1 | 0 |
_aDel diritto libero della Chiesa di acquistare, e di possedere beni temporali sì mobili, che stabili. Libri III _bLibro secondo [-terzo] |
| 260 |
_a[Lugar desconocido] _b[Editorial desconocida] _c1769-1770 |
||
| 300 |
_a3 volúmenes (422 ; 518 ; 85 - 535 páginas) _c21 x 15 cm. |
||
| 500 | _aDetalles físicos V.2 T.2 P.1: Sin encuadernación original, actualmente encuadernación rígida (holandesa) en cartón forrado en papel, lomo en tela con adornos dorados. Guardas. Ejemplar mútilo sin primeras páginas incluyendo la portada. Impresión en una sola columna, notas de pie de página en dos columnas. Apostillas marginales. Signatura y reclamos. Mayúscula capital. Cenefa decorativa. Erratas al final. V.2 T.2 P.2: Encuadernación rígida (romana) en cartón forrado en pergamino. Lomo con rótulos y adornos en dorado. Guardas. Portada impresa en una sola tinta. Cortes pintados. V.3 T. 3 P.1: Conserva parcialmente la encuadernación original, encuadernación rígida (romana) en cartón forrado en pergamino. Ejemplar mútilo falta portada delantera y el texto comienza en la página 85. Cortes decorados. En guarda posterior un dibujo en lápiz. | ||
| 500 | _aColección incompleta | ||
| 505 | 0 | _aV.2 T.2 P.1: Derecho por el cual las iglesias adquieren y poseen bienes temporales ; Si ese derecho es libre y absoluto ; Conceptos de quienes niegan esa tesis y refutación de sus argumentos ; Doctrina de los Santos Padres -- V.2 T.2 P.2: Derecho de la Iglesia a adquirir y poseer bienes temporales ; Testimonios a favor de esta tesis, tomados de los Santos Padres y de los Doctores de la Iglesia ; Cómo son distorsionados por los adversarios de este derecho -- V.3 T.3 P.1: Capítulo 1-2: La República ; Los bienes eclesiásticos y beneficios para la República ; Refutación de filósofos contemporáneos que los consideran nocivos -- Reflexiones en torno a la opinión que exagera las posesiones del clero ; Discusión de si compete a los príncipes el restringir esa capacidad de adquirir bienes | |
| 506 | _aConsulta en sala | ||
| 546 | _aTexto en italiano, latín y algunas expresiones en griego | ||
| 610 | 7 |
_aIglesia Católica _xAdquisición de la propiedad _xObras anteriores a 1800 _97705 |
|
| 650 | 7 |
_aBienes eclesiásticos (Derecho canónico) _xObras anteriores a 1800 _974982 |
|
| 690 |
_942765 _aDerecho canónico |
||
| 856 | 4 | 1 |
_zDisponible en línea V.1 T.1 _uhttp://books.google.com.co/books?id=dfqmf7fm6a0C&printsec=frontcover&dq=Del+diritto+libero+della+Chiesa+di+acquistare+volumen+1&hl=es&sa=X&ei=ZCYJUcP1CqSK0QGhk4CADw&ved=0CDYQ6AEwAQ#v=onepage&q=Del%20diritto%20libero%20della%20Chiesa%20di%20acquistare%20volumen%201&f=false |
| 856 | 4 | 1 |
_zDisponible en línea V.2 T. 2 P.1 _uhttps://books.google.com.co/books?id=Z08c8Y4T_KcC&pg=PA4&dq=Del+diritto+libero+della+Chiesa+di+acquistare+libro+primo&hl=es&sa=X&ved=0ahUKEwjEjaL_ibnKAhWJ6x4KHUS1C5IQ6AEILzAD#v=onepage&q=Del%20diritto%20libero%20della%20Chiesa%20di%20acquistare%20libro%20primo&f=false |
| 856 | 4 | 1 |
_zDisponible en línea V.2 T.2 P.2 _uhttps://books.google.com.co/books?id=3po982Jny_gC&printsec=frontcover&dq=Del+diritto+libero+della+chiesa+di+acquistare+libro+secondo&hl=es&sa=X&redir_esc=y#v=onepage&q=Del%20diritto%20libero%20della%20chiesa%20di%20acquistare%20libro%20secondo&f=false |
| 856 | 4 | 1 |
_zDisponible en línea V.3 T.3 P.1 _uhttps://books.google.com.co/books?id=3po982Jny_gC&printsec=frontcover&dq=Del+diritto+libero+della+Chiesa+di+acquistare+libro+secondo&hl=es&sa=X&redir_esc=y#v=onepage&q=Del%20diritto%20libero%20della%20Chiesa%20di%20acquistare%20libro%20secondo&f=false |
| 856 | 4 | 1 |
_zDisponible en línea V.3 T.3 P.2 _uhttps://books.google.com.co/books?id=yB4m0mVimqgC&pg=PA509&dq=Del+diritto+libero+della+Chiesa+di+acquistare+libro+primo+tomo+II&hl=es&sa=X&ved=0ahUKEwiwm73QibnKAhVGKB4KHf5MA5sQ6AEIOjAE#v=onepage&q=Del%20diritto%20libero%20della%20Chiesa%20di%20acquistare%20libro%20primo%20tomo%20II&f=false |
| 942 |
_cLIBRO _a8 _e1 _2LOCAL _hE02N112 |
||
| 999 |
_c67373 _d67373 |
||